000 00153nam a22000857a 4500
082 _a823
100 _aJAYASREE
245 _aTELCO KNOWN-UNKNOWN
942 _cBK
999 _c8261
_d8261